Modern Fruit Culture (Record no. 298194)
[ view plain ]
| 000 -LEADER | |
|---|---|
| fixed length control field | 00593nam a22001697a 4500 |
| 020 ## - INTERNATIONAL STANDARD BOOK NUMBER | |
| International Standard Book Number | 81-7096-676-0 |
| 082 ## - DEWEY DECIMAL CLASSIFICATION NUMBER | |
| Classification number | 634.6 |
| 100 ## - MAIN ENTRY--PERSONAL NAME | |
| Personal name | S.Barooah |
| 245 ## - TITLE STATEMENT | |
| Title | Modern Fruit Culture |
| 260 ## - PUBLICATION, DISTRIBUTION, ETC. (IMPRINT) | |
| Place of publication, distribution, etc. | Ludhiana |
| Name of publisher, distributor, etc. | Kalyani |
| Date of publication, distribution, etc. | 1995 |
| 300 ## - PHYSICAL DESCRIPTION | |
| Extent | 228 |
| 500 ## - GENERAL NOTE | |
| General note | Mechanism of flowering Auxin in plant development Floral Biology of Plants |
| 520 ## - SUMMARY, ETC. | |
| Summary, etc. | This book is primerily inted for agriculture degrees students for studying fundamentals and principles of pomology. |
| 650 ## - SUBJECT ADDED ENTRY--TOPICAL TERM | |
| Topical term or geographic name as entry element | Mechanism of flowering ,Auxin in plant development, Floral Biology of Plants |
| 700 ## - ADDED ENTRY--PERSONAL NAME | |
| Personal name | S.Barooah |
| 942 ## - ADDED ENTRY ELEMENTS (KOHA) | |
| Koha item type | Books (General) |
| Withdrawn status | Lost status | Damaged status | Not for loan | Home library | Current library | Date acquired | Total Checkouts | Full call number | Barcode | Date last seen | Price effective from | Koha item type |
|---|---|---|---|---|---|---|---|---|---|---|---|---|
| College of Agriculture, Padannakkad | College of Agriculture, Padannakkad | 30/01/2015 | 634.6 BAR/MO | KAU_COAP-09313 | 30/01/2015 | 30/01/2015 | Books (General) |
